| 000 | 00402cam a2200157ua 4500 | ||
|---|---|---|---|
| 003 | OSt | ||
| 008 | 250617b |||||||| |||| 00| 0 eng d | ||
| 041 | _aeng | ||
| 082 |
_a624.1821 _bSTE/PR |
||
| 100 |
_aStewart, David S . _97579 |
||
| 245 | _aPractical desing of simple steel structure / | ||
| 250 | _a1 / | ||
| 260 |
_aMumbai : _bAsia Publishing House , _c1963. |
||
| 300 | _a294 ; . | ||
| 942 | _cBK | ||
| 999 |
_c1968 _d1968 |
||